[Event "ESP-ch 88th"]
[Site "Marbella"]
[Date "2023.10.19"]
[Round "7"]
[White "Moral Garcia, Serafin"]
[Black "Prado Lobo, Jonas"]
[Result "1-0"]
[WhiteElo "2253"]
[BlackElo "2408"]
[PlyCount "75"]
[EventDate "2023.10.13"]
[EventType "swiss"]
[EventRounds "9"]
[EventCountry "ESP"]
[SourceTitle "Mega2024 Update 01"]
[Source "Chessbase"]
[SourceDate "2023.11.12"]
[SourceVersion "1"]
[SourceVersionDate "2023.11.12"]
[SourceQuality "1"]

1. e4 c5 2. Nf3 Nc6 3. Bb5 d6 4. 0-0 Bd7 5. c3 Nf6 6. Re1 a6 7. Ba4 b5 8. Bb3 Bg4 9. d3 g6 10. h3 Bxf3 11. Qxf3 Bg7 12. Bg5 0-0 13. a4 b4 14. Bxf6 Bxf6 15. Bd5 Qc8 16. Rc1 Rb8 17. Rc2 bxc3 18. bxc3 Nb4 19. Re2 Nxd5 20. exd5 Qb7 21. Na3 Bxc3 22. Rc1 Bf6 23. Nc4 Qc7 24. Rce1 Rb4 25. a5 Rfb8 26. g3 Ra4 27. h4 Qd8 28. h5 Rb3 29. h6 Kf8 30. Re4 Rab4 31. Kg2 Rb1 32. R1e2 Ra1 33. Qf4 Qa8 34. Nb6 Rxb6 35. axb6 Qxd5 36. f3 Be5 37. b7 Rb1 38. Rb4 1-0

[Event "ESP-chT Rapid"]
[Site "Ubeda"]
[Date "2023.09.23"]
[Round "2.5"]
[White "Prado Lobo, Jonas"]
[Black "Martirosyan, Haik M"]
[Result "0-1"]
[WhiteElo "2408"]
[BlackElo "2688"]
[PlyCount "76"]
[EventDate "2023.09.23"]
[EventType "team-swiss (rapid)"]
[EventRounds "9"]
[EventCountry "ESP"]
[SourceTitle "EXT 2024"]
[Source "ChessBase"]
[SourceDate "2023.10.10"]
[SourceVersion "1"]
[SourceVersionDate "2023.10.10"]
[SourceQuality "1"]
[WhiteTeam "Antonio Rico"]
[BlackTeam "Solvay"]
[WhiteTeamCountry "ESP"]
[BlackTeamCountry "ESP"]

1. e4 c5 2. c3 d5 3. exd5 Qxd5 4. d4 Nf6 5. Nf3 cxd4 6. cxd4 e6 7. Nc3 Qd6 8. g3 Be7 9. Bg2 0-0 10. 0-0 Nc6 11. Bf4 Qd8 12. Qb3 Nb4 13. Ne5 Nfd5 14. Nxd5 Nxd5 15. Bd2 a5 16. Rac1 a4 17. Qc4 a3 18. b3 Bd6 19. Rfe1 h6 20. Bxd5 exd5 21. Qxd5 Be6 22. Qe4 Re8 23. Nd3 Qd7 24. Qh4 Bf5 25. Nc5 Rxe1+ 26. Bxe1 Qc6 27. Bd2 Qf3 28. Bf4 Bxc5 29. dxc5 Be4 30. Kf1 Re8 31. Be3 Bd3+ 32. Kg1 Rxe3 33. Qd8+ Kh7 34. fxe3 Qxe3+ 35. Kg2 Be4+ 36. Kh3 Bf5+ 37. Kg2 Qe2+ 38. Kg1 Be4 0-1

[Event "ESP-ch Rapid"]
[Site "Linares"]
[Date "2023.08.19"]
[Round "6"]
[White "Prado Lobo, Jonas"]
[Black "Garrido Piriz, Pablo"]
[Result "1-0"]
[WhiteElo "2376"]
[BlackElo "2075"]
[PlyCount "49"]
[EventDate "2023.08.19"]
[EventType "swiss (rapid)"]
[EventRounds "10"]
[EventCountry "ESP"]
[SourceTitle "CBM 215 Extra"]
[Source "ChessBase"]
[SourceDate "2023.09.30"]
[SourceVersion "1"]
[SourceVersionDate "2023.09.30"]
[SourceQuality "1"]

1. d4 Nf6 2. c4 g6 3. Nc3 Bg7 4. e4 d6 5. Nf3 0-0 6. Be2 Na6 7. Be3 e5 8. 0-0 Ng4 9. Bg5 f6 10. Bh4 c6 11. c5 dxc5 12. Qb3+ Kh8 13. dxe5 g5 14. exf6 Bxf6 15. Bg3 Qe7 16. Bxa6 bxa6 17. Rad1 Ne5 18. Nxe5 Bxe5 19. Qa3 Rb8 20. Na4 Rb4 21. Nxc5 Rc4 22. Nd3 Bf6 23. Bd6 Qd8 24. Bxf8 Rd4 25. e5 1-0

[Event "Titled Tuesday intern op 01st Aug Late"]
[Site "Chess.com INT"]
[Date "2023.08.01"]
[Round "2"]
[White "Krzyzanowski, Marcin"]
[Black "Prado Lobo, Jonas"]
[Result "1-0"]
[WhiteElo "2512"]
[BlackElo "2376"]
[PlyCount "97"]
[EventDate "2023.08.01"]
[EventType "swiss (blitz)"]
[EventRounds "11"]
[EventCountry "USA"]
[SourceTitle "EXT 2024"]
[Source "ChessBase"]
[SourceDate "2023.10.10"]
[SourceVersion "1"]
[SourceVersionDate "2023.10.10"]
[SourceQuality "1"]

1. e4 e5 2. Nf3 Nf6 3. Nc3 Nc6 4. h3 a6 5. d4 Bb4 6. dxe5 Nxe4 7. Qd3 d5 8. exd6 0-0 9. Be2 Bf5 10. Qd5 Nxc3 11. Qxf5 Qxd6 12. Bd3 g6 13. Qg4 Rfe8+ 14. Kf1 Nd5 15. a3 Bc5 16. Bd2 Ne5 17. Nxe5 Qxe5 18. Rb1 Rad8 19. h4 Nf6 20. Qf3 h5 21. Rh3 Ng4 22. Qf4 Qe6 23. Bc3 Rxd3 24. Rxd3 Qe2+ 25. Kg1 Nxf2 26. Rd4 Re4 27. Qxf2 Qg4 28. Rf1 Bxd4 29. Bxd4 f5 30. Be3 Qxh4 31. Qxh4 Rxh4 32. Bf4 Rg4 33. Bxc7 Rc4 34. Be5 Rxc2 35. Bc3 Kf7 36. Rd1 Ke6 37. Re1+ Kd5 38. Re8 Rc1+ 39. Kh2 f4 40. Rg8 Rc2 41. Rxg6 f3 42. Kg1 fxg2 43. Rxg2 Rxg2+ 44. Kxg2 Kc4 45. Kh3 Kb3 46. Kh4 b5 47. Kxh5 a5 48. Bxa5 b4 49. Bxb4 1-0

[Event "Titled Tuesday intern op 01st Aug Late"]
[Site "Chess.com INT"]
[Date "2023.08.01"]
[Round "6"]
[White "Prado Lobo, Jonas"]
[Black "Bazeev, German"]
[Result "1-0"]
[WhiteElo "2376"]
[BlackElo "2369"]
[PlyCount "135"]
[EventDate "2023.08.01"]
[EventType "swiss (blitz)"]
[EventRounds "11"]
[EventCountry "USA"]
[SourceTitle "EXT 2024"]
[Source "ChessBase"]
[SourceDate "2023.10.10"]
[SourceVersion "1"]
[SourceVersionDate "2023.10.10"]
[SourceQuality "1"]

1. e4 g6 2. d4 Bg7 3. Nf3 d6 4. Be2 Nf6 5. Nc3 Nc6 6. h3 0-0 7. 0-0 e5 8. dxe5 Nxe5 9. Bg5 Nxf3+ 10. Bxf3 h6 11. Bh4 Be6 12. Nd5 Bxd5 13. exd5 Qd7 14. c3 Rfe8 15. Qb3 Qc8 16. Rfe1 Rxe1+ 17. Rxe1 Nd7 18. Bg4 f5 19. Bd1 g5 20. Bg3 f4 21. Bh2 Ne5 22. Bg4 Nxg4 23. hxg4 Qxg4 24. Qxb7 Qc8 25. Qc6 Rb8 26. b4 Qd8 27. f3 Qf8 28. Kh1 Be5 29. Bg1 Re8 30. Bxa7 g4 31. fxg4 f3 32. Rf1 Qe7 33. Rxf3 Qh4+ 34. Rh3 Qe1+ 35. Bg1 Rf8 36. Qxc7 Qe4 37. Rxh6 Bg7 38. Rh3 Qxd5 39. Qe7 Qxa2 40. Qxd6 Rf1 41. Qd8+ Rf8 42. Qd1 Qe6 43. Re3 Qh6+ 44. Rh3 Qg6 45. Qe2 Re8 46. Qc4+ Re6 47. Qc8+ Bf8 48. Qd7 Re7 49. Qd5+ Re6 50. Bd4 Kf7 51. Qf5+ Qxf5 52. gxf5 Re1+ 53. Kh2 Bd6+ 54. g3 Re2+ 55. Kg1 Rc2 56. g4 Bf4 57. Rh7+ Kg8 58. Rg7+ Kf8 59. Rd7 Bh2+ 60. Kf1 Bf4 61. b5 Rb2 62. b6 Ke8 63. Rh7 Kf8 64. b7 Kg8 65. Rd7 Kf8 66. f6 Ke8 67. Re7+ Kf8 68. Bc5 1-0

[Event "Titled Tuesday intern op 06th Jun Late"]
[Site "Chess.com INT"]
[Date "2023.06.06"]
[Round "3"]
[White "Prado Lobo, Jonas"]
[Black "Indjic, Aleksandar"]
[Result "0-1"]
[WhiteElo "2359"]
[BlackElo "2613"]
[PlyCount "90"]
[EventDate "2023.06.06"]
[EventType "swiss (blitz)"]
[EventRounds "11"]
[EventCountry "USA"]
[SourceTitle "EXT 2024"]
[Source "ChessBase"]
[SourceDate "2023.10.10"]
[SourceVersion "1"]
[SourceVersionDate "2023.10.10"]
[SourceQuality "1"]

1. d4 Nf6 2. Nf3 c5 3. e3 g6 4. Be2 Bg7 5. 0-0 0-0 6. b3 b6 7. Bb2 Bb7 8. c4 cxd4 9. Nxd4 d6 10. Bf3 Qc8 11. Nc3 Re8 12. Rc1 Nbd7 13. Nd5 a6 14. Qe2 e6 15. Nxf6+ Nxf6 16. Rfd1 Rd8 17. Bxb7 Qxb7 18. Qf3 Ne4 19. Rc2 h5 20. Ne2 Bxb2 21. Rxb2 d5 22. Ng3 h4 23. Nxe4 dxe4 24. Qg4 Rxd1+ 25. Qxd1 b5 26. c5 b4 27. h3 a5 28. Qd6 Rc8 29. Rd2 Qc7 30. Qxc7 Rxc7 31. Rc2 Kg7 32. Rc4 f5 33. f3 exf3 34. gxf3 g5 35. f4 g4 36. hxg4 fxg4 37. e4 Kf6 38. Kf2 e5 39. f5 Rc6 40. Ke3 Kg5 41. Rc2 h3 42. Rc1 h2 43. Rh1 g3 44. Kf3 Kh4 45. Rf1 Kh3 0-1

[Event "Titled Tuesday intern op 06th Jun Late"]
[Site "Chess.com INT"]
[Date "2023.06.06"]
[Round "8"]
[White "Prado Lobo, Jonas"]
[Black "Rangel, Daniel"]
[Result "0-1"]
[WhiteElo "2359"]
[BlackElo "2199"]
[PlyCount "62"]
[EventDate "2023.06.06"]
[EventType "swiss (blitz)"]
[EventRounds "11"]
[EventCountry "USA"]
[SourceTitle "EXT 2024"]
[Source "ChessBase"]
[SourceDate "2023.10.10"]
[SourceVersion "1"]
[SourceVersionDate "2023.10.10"]
[SourceQuality "1"]

1. d4 Nf6 2. Nc3 c5 3. d5 d6 4. e4 e6 5. Bc4 e5 6. Nf3 g6 7. 0-0 Bg7 8. Ne1 0-0 9. Nd3 Ne8 10. f3 f5 11. Be3 f4 12. Bf2 g5 13. b4 b6 14. a4 a5 15. bxc5 bxc5 16. Nxc5 dxc5 17. d6+ Kh8 18. Bxc5 Nd7 19. Bf2 Ba6 20. Bxa6 Rxa6 21. Nb5 Rc6 22. Qd5 Rxc2 23. Rfc1 Rxc1+ 24. Rxc1 Nef6 25. Qb7 g4 26. Rc7 gxf3 27. gxf3 Rg8 28. Kh1 Qe8 29. Qc6 Qh5 30. Qc3 Qh3 31. Qd3 Bf8 0-1

[Event "Asturias-ch"]
[Site "Oviedo"]
[Date "2023.04.04"]
[Round "2"]
[White "Panelo Munoz, Marcelo A"]
[Black "Prado Lobo, Jonas"]
[Result "0-1"]
[WhiteElo "2356"]
[BlackElo "2322"]
[PlyCount "62"]
[EventDate "2023.04.03"]
[EventType "tourn"]
[EventRounds "9"]
[EventCountry "ESP"]
[EventCategory "3"]
[SourceTitle "EXT 2024"]
[Source "ChessBase"]
[SourceDate "2023.10.10"]
[SourceVersion "1"]
[SourceVersionDate "2023.10.10"]
[SourceQuality "1"]

1. e4 c5 2. Nf3 d6 3. d4 cxd4 4. Nxd4 Nf6 5. Nc3 a6 6. Bg5 e6 7. f4 Be7 8. Qf3 Qc7 9. 0-0-0 Nbd7 10. Bd3 b5 11. Rhe1 Bb7 12. Kb1 Nc5 13. a3 0-0 14. Qh3 Nxd3 15. Rxd3 Kh8 16. f5 e5 17. Bxf6 Bxf6 18. Nf3 Rac8 19. g4 Bd8 20. g5 Qc5 21. Qh4 f6 22. Qg3 a5 23. gxf6 Bxf6 24. Ng5 Bxg5 25. Qxg5 b4 26. Rh3 Rf6 27. Rg1 Rc7 28. Rhg3 h6 29. Qh5 bxc3 30. Qe8+ Kh7 31. Rg6 cxb2 0-1

[Event "Titled Tuesday intern op 14th Feb Early"]
[Site "Chess.com INT"]
[Date "2023.02.14"]
[Round "7"]
[White "Prado Lobo, Jonas"]
[Black "Zia, Tahsin Tajwar"]
[Result "1-0"]
[WhiteElo "2306"]
[BlackElo "2307"]
[PlyCount "99"]
[EventDate "2023.02.14"]
[EventType "swiss (blitz)"]
[EventRounds "11"]
[EventCountry "USA"]
[SourceTitle "CBM 212 Extra"]
[Source "ChessBase"]
[SourceDate "2023.03.31"]
[SourceVersion "1"]
[SourceVersionDate "2023.03.31"]
[SourceQuality "1"]

1. Nf3 Nf6 2. d4 g6 3. c4 Bg7 4. Nc3 0-0 5. e4 d6 6. Be2 e5 7. 0-0 h6 8. d5 Nh7 9. Ne1 f5 10. f4 exf4 11. Bxf4 g5 12. Be3 f4 13. Bd4 Nd7 14. Bxg7 Kxg7 15. Qd4+ Qf6 16. Nf3 a6 17. b4 Re8 18. Rfe1 g4 19. Qxf6+ Ndxf6 20. Nd2 Ng5 21. Bd3 Nd7 22. Rf1 Ne5 23. Be2 Rf8 24. c5 f3 25. Bd1 Bd7 26. Bb3 h5 27. Nc4 Nxc4 28. Bxc4 b5 29. Bd3 fxg2 30. Kxg2 Nf3 31. a4 Ne5 32. Rxf8 Rxf8 33. axb5 Nxd3 34. c6 Rf2+ 35. Kg1 Bc8 36. bxa6 Bxa6 37. Rxa6 Rc2 38. Nb5 Nf4 39. Nxc7 Nh3+ 40. Kf1 Rf2+ 41. Ke1 Rxh2 42. Ne6+ Kf6 43. c7 Rc2 44. Rc6 Ra2 45. c8Q g3 46. Qf8+ Ke5 47. Qg7+ Kxe4 48. Qxg3 Ra1+ 49. Kd2 Ra2+ 50. Rc2 1-0

[Event "Titled Tuesday intern op 17th Jan Late"]
[Site "Chess.com INT"]
[Date "2023.01.17"]
[Round "3"]
[White "Bernadskiy, Vitaliy"]
[Black "Prado Lobo, Jonas"]
[Result "1-0"]
[WhiteElo "2609"]
[BlackElo "2306"]
[PlyCount "63"]
[EventDate "2023.01.17"]
[EventType "swiss (blitz)"]
[EventRounds "11"]
[EventCountry "USA"]
[SourceTitle "CBM 212 Extra"]
[Source "ChessBase"]
[SourceDate "2023.03.31"]
[SourceVersion "1"]
[SourceVersionDate "2023.03.31"]
[SourceQuality "1"]

1. e4 e5 2. Nf3 Nc6 3. Bb5 a6 4. Ba4 Nf6 5. 0-0 b5 6. Bb3 Bc5 7. a4 Rb8 8. c3 d6 9. d4 Bb6 10. a5 Ba7 11. h3 0-0 12. Be3 exd4 13. cxd4 d5 14. e5 Ne4 15. Nc3 Be6 16. Ne2 Ne7 17. Nd2 Rc8 18. Nxe4 dxe4 19. d5 Bxe3 20. dxe6 Bc5 21. exf7+ Kh8 22. Nf4 Ng6 23. Ne6 Qe7 24. Nxf8 Rxf8 25. e6 Nf4 26. Qg4 Qf6 27. Rae1 Nd3 28. Re2 e3 29. fxe3 Qe5 30. Qf5 Bxe3+ 31. Kh1 Qg3 32. Qxd3 1-0

[Event "Titled Tuesday intern op 17th Jan Late"]
[Site "Chess.com INT"]
[Date "2023.01.17"]
[Round "5"]
[White "Boruchovsky, Avital"]
[Black "Prado Lobo, Jonas"]
[Result "1-0"]
[WhiteElo "2553"]
[BlackElo "2306"]
[PlyCount "57"]
[EventDate "2023.01.17"]
[EventType "swiss (blitz)"]
[EventRounds "11"]
[EventCountry "USA"]
[SourceTitle "CBM 212 Extra"]
[Source "ChessBase"]
[SourceDate "2023.03.31"]
[SourceVersion "1"]
[SourceVersionDate "2023.03.31"]
[SourceQuality "1"]

1. d4 Nf6 2. c4 e6 3. Nc3 Bb4 4. e3 0-0 5. Bd3 d5 6. Nf3 c5 7. cxd5 exd5 8. 0-0 c4 9. Bc2 Re8 10. Ne5 Nc6 11. f4 Bxc3 12. bxc3 Ne4 13. Bxe4 dxe4 14. Nxc4 Be6 15. Nd2 f5 16. c4 Nb4 17. d5 Bf7 18. Bb2 Nd3 19. Bd4 b6 20. Rb1 Rc8 21. Rb3 Qh4 22. Ra3 Bh5 23. Qb3 Be2 24. Rxa7 Bxf1 25. Rxg7+ Kf8 26. g3 Qh5 27. Qxb6 Re5 28. Qf6+ Ke8 29. Bxe5 1-0

[Event "Titled Tuesday intern op 17th Jan Late"]
[Site "Chess.com INT"]
[Date "2023.01.17"]
[Round "8"]
[White "Lopez Gracia, Fernando"]
[Black "Prado Lobo, Jonas"]
[Result "1/2-1/2"]
[WhiteElo "2259"]
[BlackElo "2306"]
[PlyCount "156"]
[EventDate "2023.01.17"]
[EventType "swiss (blitz)"]
[EventRounds "11"]
[EventCountry "USA"]
[SourceTitle "CBM 212 Extra"]
[Source "ChessBase"]
[SourceDate "2023.03.31"]
[SourceVersion "1"]
[SourceVersionDate "2023.03.31"]
[SourceQuality "1"]

1. c4 e6 2. Nf3 d5 3. g3 Nf6 4. Bg2 Be7 5. 0-0 0-0 6. b3 d4 7. e3 c5 8. exd4 cxd4 9. d3 Nc6 10. Re1 a5 11. Ne5 Qc7 12. Bf4 Qb6 13. Nxc6 bxc6 14. Nd2 Bb4 15. Re2 Bb7 16. a3 Bc3 17. Rb1 c5 18. Bxb7 Qxb7 19. Bd6 Rfc8 20. Be5 Nd7 21. Bf4 Nf6 22. Ne4 Nxe4 23. Rxe4 Qc6 24. Bd2 Bxd2 25. Qxd2 Rcb8 26. Ree1 Rb6 27. b4 cxb4 28. axb4 axb4 29. Rxb4 h6 30. Reb1 Rxb4 31. Qxb4 Qf3 32. Qb3 Qe2 33. Qd1 Qa2 34. Qb3 Qe2 35. Qd1 Qa2 36. Qb3 Qd2 37. c5 Ra2 38. Rf1 Rc2 39. Qb8+ Kh7 40. Qa7 Kg6 41. c6 Qxd3 42. c7 Qc4 43. Rd1 d3 44. Qe3 d2 45. Rxd2 Rxd2 46. Qxd2 Qxc7 47. Qd3+ f5 48. Kg2 Qe5 49. Qd8 Qe4+ 50. Kg1 f4 51. Qe8+ Kh7 52. gxf4 Qb1+ 53. Kg2 Qg6+ 54. Qxg6+ Kxg6 55. Kf3 Kf5 56. h3 Kg6 57. Ke4 Kf6 58. Ke3 Kf5 59. Kf3 Kg6 60. Ke4 Kh5 61. Ke5 Kh4 62. Kxe6 Kxh3 63. Kf7 Kg4 64. Kxg7 h5 65. Kg6 h4 66. f5 h3 67. f6 h2 68. f7 h1Q 69. f8Q Qh5+ 70. Kg7 Qg5+ 71. Kh8 Qh5+ 72. Kg8 Qe5 73. f3+ Kg3 74. Kh7 Qh5+ 75. Qh6 Qf7+ 76. Qg7+ Qxg7+ 77. Kxg7 Kf4 78. Kf6 Kxf3 1/2-1/2